[Event "Luxembourg-chT 1213"]
[Site "Luxembourg"]
[Date "2013.03.03"]
[Round "10"]
[White "Barani, Sebastien"]
[Black "Dahdah, Nagib"]
[Result "1/2-1/2"]
[WhiteElo "1846"]
[BlackElo "1944"]
[PlyCount "61"]
[EventDate "2012.10.??"]
[EventType "team-tourn"]
[EventRounds "10"]
[EventCountry "LUX"]
[SourceTitle "EXT 2017"]
[Source "ChessBase"]
[SourceDate "2016.10.25"]
[SourceVersion "1"]
[SourceVersionDate "2016.10.25"]
[SourceQuality "1"]

1. Nf3 d5 2. d4 Nf6 3. c4 c6 4. Nbd2 Bf5 5. Nh4 Bg6 6. Nxg6 hxg6 7. a3 Nbd7 8. e3 e6 9. g3 Bd6 10. Bg2 Qe7 11. b4 e5 12. c5 Bc7 13. Bb2 e4 14. a4 Qe6 15. h3 a6 16. Qe2 g5 17. 0-0 g4 18. h4 g5 19. hxg5 Nh7 20. Rfc1 Nxg5 21. b5 Nf3+ 22. Kf1 Qh6 23. Nxf3 gxf3 24. Bxf3 exf3 25. Qxf3 Nf6 26. Ke2 Qg6 27. Bc3 Ke7 28. b6 Bd8 29. Qf4 Ne4 30. Qe5+ Kd7 31. Qxh8 1/2-1/2